Beliebteste Ausbildungsberufe in Deutschland 2019 - Statistiken

Allgemein
  • Dieses Quiz wurde 207 mal gespielt
  • Das Durchschnittsergebnis liegt bei 5 aus 15
Antwortstatistiken
Auszubildende Ausbildungsberuf(e) % Korrekt
126.201 Kauffrau /-mann im Einzelhandel + Verkäufer*in + Kauffrau /-mann im Groß- und Außenhandel
73%
96.249 Mechatroniker*in + Kraftfahrzeugmechatroniker*in
63%
67.908 Kauffrau /-mann für Büromanagement
51%
64.923 Elektroniker*in + Elektroniker*in für Betriebstechnik
48%
22.719 Bankkauffrau /-mann
42%
19.743 Friseur*in
32%
43.086 Industriemechaniker*in
32%
48.165 Industriekauffrau /-mann
31%
74.025 Medizinische*r Fachangestellte*r + Zahnmedizinische*r Fachangestellte*r
22%
25.497 Fachkraft für Lagerlogistik
20%
35.679 Anlagemechaniker*in für Sanitär- Heizungs- und Klimatechnik
18%
39.957 Fachinformatiker*in
18%
19.425 Hotelfachfrau /-mann
12%
19.413 Verwaltungsfachangestellte*r
12%
19.932 Zerspanungsmechaniker*in
7%
Keine übereinstimmenden Quizze gefunden
Verteilung der Resultate
Anzahl Personen mit jedem Resultat
Perzentil nach korrekt beantworteten Fragen
Ihre Resultats-Entwicklung
Sie haben dieses Quiz noch nicht gespielt